Clubs de Major Rugby League. - Statistiques

Statistiques générales
  • Ce quiz a été pris 57 fois
  • Le résultat moyen est 6 sur 13
Statistiques - réponses
Arrivée Clubs % Correct
2019 Rugby New York
87%
2021 Giltinis de Los Angeles
78%
2020 Old Glory DC
52%
2022 Jackals de Dallas
43%
2018 Gold de La Nouvelle-Orléans
43%
2018 SaberCats de Houston
43%
2018 Seawolves de Seattle
43%
2019 Arrows de Toronto
35%
2018 Legion de San Diego
33%
2018 Gilgronis d'Austin
26%
2020 Free Jacks de la Nouvelle-Angleterre
26%
2018 Warriors de l'Utah
24%
2020 Rugby ATL
24%
Aucun quiz correspondant
Distribution des résultats
% des personnes avec chaque résultat
Percentile par nombre de réponses
Votre historique - résultats
Vous n’avez pas pris ce quiz